00721nam a2200193Ia 4500003000900000005001700009008004100026040003100067040001300098041000800111100002000119245017500139250001000314260001400324300001000338300001000348490000600358520016300364IT-RoPAU20220918175900.0120407s9999 xx 000 0 und d aIT-RoPAUc20131125151148.0 cIT-RoPAU aita aGiovanni Roatta aNel terzo anniversario della morte di don Giacomo Alberione: il senso di Dio; il senso dell’uomo; il senso della storia in “D. Alberione. 3° anniversario” pp. 5-28 aRoma  aImsa - UM a45 p. c17 cm v1 aIndice Presentazione - D. Zanoni Il senso di Dio - D. Roatta Il senso dell'uomo - D. Roatta Il senso della storia - D. Roatta Chi fu D. Alberione - D. Gambi